书目信息 |
| 题名: |
印第安文明读本
|
|
| 作者: | 葛婧菁 编著 | |
| 分册: | ||
| 出版信息: | 北京 中国档案出版社 2006 |
|
| 页数: | 207页 | |
| 开本: | 21cm | |
| 丛书名: | 世界文明之旅 | |
| 单 册: | ||
| 中图分类: | K708 | |
| 科图分类: | ||
| 主题词: | 印第安人--文化史--美洲 , 印第安人 , 文化史 | |
| 电子资源: | ||
| ISBN: | 7-80166-522-8 | |
| 000 | 00886oam2 2200289 45 | |
| 001 | 01012006061501 | |
| 005 | 20070116161303.17 | |
| 010 | @a7-80166-522-8@dCNY258.00(全10册) | |
| 092 | @aCN@b496489 | |
| 100 | @a20060615d2006 em y0chiy0121 ea | |
| 101 | 0 | @achi |
| 102 | @aCN@b110000 | |
| 105 | @aa z 000yy | |
| 200 | 1 | @a印第安文明读本@Ayin di an wen ming du ben@f葛婧菁编著@Fge jing jing bian zhu |
| 210 | @a北京@c中国档案出版社@d2006 | |
| 215 | @a207页@c图@d21cm | |
| 225 | 2 | @a世界文明之旅 |
| 320 | @a有书 | |
| 330 | @a本书内容包括:印第安文明的发祥、北美的印第安文明、中美洲印第安文明、南美洲的印第安文明——印加文明等。 | |
| 461 | 0 | @12001 @a世界文明之旅 |
| 606 | 0 | @a印第安人@x文化史@y美洲 |
| 606 | 0 | @a印第安人 |
| 606 | 0 | @a文化史 |
| 690 | @aK708@v4 | |
| 701 | 0 | @a葛婧菁@Age jing jing@4编著 |
| 801 | 0 | @aCN@bLZJBOOK@c20070116 |
| 905 | @a10447@dK708@e8 | |
| 印第安文明读本/葛婧菁编著.-北京:中国档案出版社,2006 |
| 207页:图;21cm.-(世界文明之旅) |
| ISBN 7-80166-522-8:CNY258.00(全10册) |
| 本书内容包括:印第安文明的发祥、北美的印第安文明、中美洲印第安文明、南美洲的印第安文明——印加文明等。 |
| ● |
| 相关链接 |
|
|
|
|
正题名:印第安文明读本
索取号:K708/8
 
预约/预借
| 序号 | 登录号 | 条形码 | 馆藏地/架位号 | 状态 | 备注 |
| 1 | 0567739 | 205677392 | 第二样本阅览室/ [索取号:K708/8] | 在馆 | |
| 2 | 0567740 | 205677409 | 第二借阅区/ [索取号:K708/8] | 在馆 | |
| 3 | 0567741 | 205677418 | 第二借阅区/ [索取号:K708/8] | 在馆 | |
| 4 | 0567742 | 205677427 | 第二借阅区/ [索取号:K708/8] | 在馆 | |
| 5 | 0567743 | 205677436 | 密集书库/ [索取号:K708/8] | 在馆 | |
| 6 | 0567744 | 205677445 | 密集书库/ [索取号:K708/8] | 在馆 | |
| 7 | 0567745 | 205677454 | 密集书库/ [索取号:K708/8] | 在馆 | |
| 8 | 0567746 | 205677463 | 密集书库/ [索取号:K708/8] | 在馆 |